| 000 | 01760nam a2200457 i 4500 | ||
|---|---|---|---|
| 001 | 53713 | ||
| 003 | ES-MaCES | ||
| 005 | 20250528104924.0 | ||
| 008 | 250519s2024 sp 100|0 spa | ||
| 017 |
_aV 3230-2024 _bDL |
||
| 020 | _a9788410567085 | ||
| 040 |
_aES-MaCES _bspa _cES-MaCES |
||
| 041 | 0 |
_aspa _apor |
|
| 111 | 2 |
_941377 _aI Congreso Internacional sobre las Relaciones entre UE-CELAC _cBurgos _d2023 _n1º |
|
| 245 | 1 | 4 |
_aLas relaciones entre la Unión Europea y la CELAC _c[recoge las ponencias presentadas al I Congreso Internacional sobre las Relaciones entre UE-CELAC, celebrado en Burgos, el 29 y 30 de mayo de 2023] ; dirs., Carlos Francisco Molina del Pozo, José Manuel López Jiménez, Virginia Saldaña Ortega |
| 260 |
_aValencia _bTirant lo Blanch _c2024 |
||
| 300 |
_a397 p. _c22 cm |
||
| 490 | 1 | _aMonografía Maior | |
| 500 | _aTextos en español y portugués | ||
| 504 | _aBibliografía | ||
| 541 | 0 | _cCompra | |
| 650 | 4 |
_arelaciones internacionales _926675 |
|
| 650 | 4 |
_arelaciones económicas _926673 |
|
| 650 | 4 |
_arelaciones comerciales _927965 |
|
| 650 | 4 |
_arelaciones culturales _929384 |
|
| 650 | 4 |
_apolítica exterior _926687 |
|
| 650 | 4 |
_apolítica de defensa _926692 |
|
| 650 | 4 |
_aUE _926752 |
|
| 650 | 4 |
_aAmérica Latina _926882 |
|
| 650 | 4 |
_aCaribe _926861 |
|
| 650 | 4 |
_ageografía política _928776 |
|
| 650 | 4 |
_ageografía económica _928772 |
|
| 650 | 4 |
_aconferencia _927013 |
|
| 653 | 1 | 0 | _aCiencias Sociales-Políticas |
| 700 | 1 |
_918771 _aMolina del Pozo, Carlos Francisco _edir. |
|
| 700 | 1 |
_939717 _aLópez Jiménez, José Manuel _edir. |
|
| 700 | 1 |
_aSaldaña Ortega, Virginia _edir. _940680 |
|
| 830 | 0 |
_aMonografías Maior (Tirant) _941108 |
|
| 902 | _aLIB Libro | ||
| 942 |
_2CES _cBK _h7.0. |
||
| 999 |
_c53713 _d53713 |
||